| 000 | 00592nam a2200217Ia 4500 | ||
|---|---|---|---|
| 001 | 5399 | ||
| 008 | 140602s 198 ii g b000 u 465 u | ||
| 082 | _a661 | ||
| 100 | _aDas, R.K. . | ||
| 245 | 0 |
_aIndustrial Chemistry Part II / _cR.K. Das. _hTextual Documents |
|
| 250 | _a1st ed. / | ||
| 260 |
_aNew Delhi : _bKalyani Publisher , _cC 1982. |
||
| 300 |
_axii, 403p. ; _c22cm. |
||
| 500 | _aAcc No 78288 Shifted From PG Section | ||
| 504 | _aIndex | ||
| 653 | _aIndustrial Chemistry | ||
| 653 | _aIndustrial Chemistry | ||
| 653 | _aPG-Chemistry | ||
| 653 | _aG-Che | ||
| 942 |
_2ddc _cBK |
||
| 999 |
_c5386 _d5386 |
||